000 01415nam a22003977a 4500
001 418
003 FISKH
005 20250221111718.0
008 230411b cb ||||| |||| 00| 0 eng d
010 _a 2002514329
020 _a9780439314336
040 _aDLC
_cDLC
_dDLC
_dFISKH
_beng
042 _apcc
_alcac
050 0 0 _aQL737.C27
_bS67 2002
082 0 0 _a599.786
_222
100 1 _aStamper, Judith Bauer.
245 1 0 _aPolar bear patrol /
_c[written by Judith Stamper ; illustrations by Steve Haefele].
260 _aNew York :
_bScholastic,
_c2002.
300 _a91 pages :
_billuatrations ;
_c20 cm.
440 4 _aThe Magic School Bus, a science chapter book ;
_vBook 13
500 _a"Based on The Magic School Bus books written by Joanna Cole and illustrated by Bruce Degan"--T.p. verso.
505 _aK
521 8 _a560
_bLexile
521 8 _aK
_bRaz-Plus
650 0 _aPolar bear
_vJuvenile literature.
650 1 _aPolar bear.
650 1 _aBears.
651 1 _aArctic regions.
700 1 _aHaefele, Steve,
_eillustrator
700 1 _aCole, Joanna.
710 2 _aScholastic Inc.
856 4 2 _3Publisher description
_uhttp://www.loc.gov/catdir/description/schol051/2002514329.html
906 _a7
_bcbc
_corignew
_d3
_encip
_f20
_gy-gencatlg
942 _2ddc
_cBK
_n0
999 _c418
_d418